El juicio de amparo /
Saved in:
| 主要作者: | |
|---|---|
| 格式: | 图书 |
| 语言: | Spanish |
| 出版: |
México, D.F. :
Editorial Porrúa,
1997.
|
| 版: | 33. ed. actualizada. |
| 主题: | |
| 标签: |
添加标签
没有标签, 成为第一个标记此记录!
|
| LEADER | 00674nam a2200241 a 4500 | ||
|---|---|---|---|
| 001 | 007730002-5 | ||
| 005 | 20020606104010.5 | ||
| 008 | 980304s1997 mx b 000 0 spa | ||
| 010 | |a 98122157 | ||
| 020 | |a 9700709655 | ||
| 035 | 0 | |a ocm37819456 | |
| 040 | |a DLC |c DLC | ||
| 043 | |a n-mx--- | ||
| 050 | 0 | 0 | |a KGF2730 |b .B87 1997 |
| 100 | 1 | |a Burgoa, Ignacio. | |
| 245 | 1 | 3 | |a El juicio de amparo / |c Ignacio Burgoa O. |
| 250 | |a 33. ed. actualizada. | ||
| 260 | |a México, D.F. : |b Editorial Porrúa, |c 1997. | ||
| 300 | |a 1094 p. ; |c 24 cm. | ||
| 504 | |a Includes bibliographical references (p. [1067]-1072). | ||
| 650 | 0 | |a Amparo (Writ) |z Mexico. | |
| 988 | |a 20020608 | ||
| 906 | |0 DLC | ||


